000 00847nam a2200229 i 4500
001 bg
245 1 0 _aUstawa o rachunkowości a Międzynarodowe Standardy Rachunkowości :
_banaliza porównawcza : praca zbiorowa /
_cpod red. Jerzego Gierusza ; [aut. Jan Krzysztof Bielecki et al.].
260 _aGdańsk :
_bOśrodek Doradztwa i Doskonalenia Kadr,
_c2002.
300 _a500 s. :
_brys. ;
_c25 cm.
650 9 _aRachunkowość
_xprawo międzynarodowe
_ystan na 2002 r.
650 9 _aRachunkowość
_xprawo
_zPolska
_ystan na 2002 r.
700 1 _aGierusz, Jerzy
_d(1952- ).
_eRed.
700 1 _aBielecki, Jan Krzysztof
_d(1951- )
020 _a8371877242
040 _cBPK
041 0 _apol
044 _aPOL
080 _a346.52:347.728.1](438:100)(094)
920 _a83-71877-24-2
942 _cKS
008 s pl f |000 0 pol
999 _c55093
_d55093
856 _uhttp://koha.tu.koszalin.pl/cgi-bin/koha/opac-detail.pl?biblionumber=55093
_yKatalog online BPK